[Event "World Rapid Team 2023"]
[Site "Dusseldorf GER"]
[Date "2023.08.27"]
[Round "8.18"]
[Board "4"]
[White "Glock, Benjamin"]
[Black "Deregnaucourt, Lucas"]
[Result "0-1"]
[WhiteElo "1782"]
[BlackElo "2076"]
[WhiteTeam "Unischach Bayreuth"]
[BlackTeam "Ecole Polytechnique Francaise de Lausanne"]
[WhiteFideId "12942103"]
[BlackFideId "26057794"]
[EventDate "2023.08.26"]

1. d4 Nf6 2. Bg5 e6 3. Nd2 h6 4. Bh4 Be7 5. e4 c5 6. c3 d5 7. e5 Nfd7 8. Bxe7
Qxe7 9. Qg4 O-O 10. f4 cxd4 11. cxd4 Qb4 12. Nf3 Nc6 13. Bd3 Nxd4 14. O-O Nc5
15. Bb1 Bd7 16. Kh1 Nxf3 17. Nxf3 Ne4 18. Bd3 Rac8 19. Rab1 Rc7 20. Bxe4 dxe4
21. Nh4 e3 22. a3 Qe4 23. Rbe1 Rc2 24. Rf3 Rxb2 25. Rfxe3 Qxe3 0-1

[Event "World Rapid Team 2023"]
[Site "Dusseldorf GER"]
[Date "2023.08.27"]
[Round "8.18"]
[Board "5"]
[White "Pheng, Wissam"]
[Black "Holoubek, Jonas"]
[Result "1-0"]
[WhiteElo "1940"]
[BlackElo "1570"]
[WhiteTeam "Ecole Polytechnique Francaise de Lausanne"]
[BlackTeam "Unischach Bayreuth"]
[WhiteFideId "26008505"]
[BlackFideId "16283260"]
[EventDate "2023.08.26"]

1. e4 d5 2. exd5 Nf6 3. d4 Nxd5 4. c4 Nb4 5. Qa4+ N8c6 6. d5 b5 7. Qd1 Bf5 8.
Na3 Ne5 9. Nf3 Ned3+ 10. Bxd3 Nxd3+ 11. Kf1 e5 12. Nxb5 e4 13. Ne1 a6 14. Nd4
Qf6 15. Nxf5 Nxc1 16. Qa4+ Kd8 17. Rxc1 Qxf5 18. Qc6 Rb8 19. b3 Be7 20. h4 g5
21. c5 e3 22. f3 g4 23. d6 cxd6 24. cxd6 e2+ 25. Kg1 Rc8 26. Qxc8+ Qxc8 27.
Rxc8+ Kxc8 28. dxe7 gxf3 29. Nxf3 Re8 30. Kf2 Rxe7 31. Re1 1-0

[Event "World Rapid Team 2023"]
[Site "Dusseldorf GER"]
[Date "2023.08.27"]
[Round "8.18"]
[Board "6"]
[White "Hollstein, Jonas"]
[Black "Pheng, Sophia"]
[Result "1/2-1/2"]
[WhiteElo "1495"]
[BlackElo "1128"]
[WhiteTeam "Unischach Bayreuth"]
[BlackTeam "Ecole Polytechnique Francaise de Lausanne"]
[WhiteFideId "16266870"]
[BlackFideId "26066602"]
[EventDate "2023.08.26"]

1. e4 e5 2. Nf3 Nc6 3. Bb5 Nf6 4. d3 d6 5. h3 Bd7 6. Bg5 g6 7. O-O Bg7 8. Nc3
Ne7 9. Bc4 c6 10. Qd2 Nh5 11. Nh2 h6 12. Be3 g5 13. d4 Ng6 14. Rad1 Nhf4 15. Nf3
Qc8 16. dxe5 Bxh3 17. exd6 Qd7 18. g3 Bxf1 19. Bxf1 O-O 20. gxf4 gxf4 21. Bxf4
Rad8 22. e5 Qg4+ 23. Bg3 Rfe8 24. Bg2 Re6 25. Qd4 Qxd4 26. Rxd4 Nxe5 27. Nxe5
Bxe5 28. Bxe5 Rxe5 29. Ne4 b6 30. Nf6+ Kg7 31. Ng4 Re2 32. Bxc6 Rxc2 33. Be4
Rxb2 34. d7 h5 35. Ne5 Rxa2 36. Nc6 Ra1+ 37. Kg2 Rg8 38. d8=Q Rxd8 39. Rxd8 a5
40. Rb8 a4 41. Rxb6 a3 42. Ra6 Kf6 43. Nb4+ Ke5 44. Bf3 h4 45. Ra5+ Kd4 46. Kh3
Kc4 47. Nc2 Ra2 48. Ne3+ Kb4 49. Ra7 Rxf2 50. Bd5 Rd2 51. Bxf7 Rd3 52. Re7 Kc3
53. Kxh4 Rd4+ 54. Kg5 Kb2 55. Rb7+ Kc1 56. Ra7 Rd3 57. Nc4 Rg3+ 58. Kf4 Rg2 59.
Nxa3 Rf2+ 60. Ke3 Rf6 61. Kd3 Kd1 62. Nc4 Ke1 63. Ra1+ Kf2 64. Bd5 Kg3 65. Rg1+
Kh4 66. Ke4 Rf8 67. Ne3 Kh5 68. Nf5 Re8+ 69. Kf4 Re4+ 70. Kf3 Rf4+ 1/2-1/2

[Event "World Rapid Team 2023"]
[Site "Dusseldorf GER"]
[Date "2023.08.28"]
[Round "9.1"]
[Board "1"]
[White "Eljanov, Pavel"]
[Black "Anand, Viswanathan"]
[Result "1/2-1/2"]
[WhiteTitle "GM"]
[BlackTitle "GM"]
[WhiteElo "2695"]
[BlackElo "2754"]
[WhiteTeam "Ashdod Elit Chess Club"]
[BlackTeam "Freedom"]
[WhiteFideId "14102951"]
[BlackFideId "5000017"]
[EventDate "2023.08.26"]

1. e4 e5 2. Nf3 Nc6 3. Bb5 a6 4. Ba4 Nf6 5. Nc3 Bc5 6. O-O O-O 7. Bxc6 dxc6 8.
d3 Nd7 9. Bg5 f6 10. Be3 Bxe3 11. fxe3 Qe7 12. Nh4 g6 13. Nf3 b5 14. Qe1 Bb7 15.
Qg3 c5 16. a4 b4 17. Nd5 Qd6 18. Nh4 Kf7 19. Nf3 c6 20. Nxf6 Nxf6 21. Nxe5+ Kg8
22. Qg5 Qe7 23. Ng4 Nd5 24. Nh6+ Kh8 25. Qxe7 Nxe7 26. Nf7+ Kg8 27. Nd6 Rfb8 28.
Rf6 Ra7 29. Raf1 Ba8 30. g4 Rd7 31. g5 c4 32. Nxc4 c5 33. Ne5 Rc7 34. b3 Nc6 35.
Ng4 Kg7 36. Nh6 Re8 37. Rf7+ Rxf7 38. Rxf7+ Kh8 39. Ng4 Kg8 40. Rc7 Kf8 41. Nf6
Rd8 42. Nxh7+ Kg8 43. Nf6+ Kf8 44. h4 c4 45. h5 gxh5 46. Nh7+ Kg8 47. Nf6+ Kf8
48. g6 Ne7 49. Nh7+ Kg7 50. Rxe7+ Kxg6 51. bxc4 b3 52. cxb3 Rxd3 53. b4 Rxe3 54.
b5 axb5 55. axb5 Rxe4 56. Ra7 Re8 57. c5 Be4 58. c6 Bxc6 59. bxc6 Rc8 60. Kf2
Rxc6 61. Nf8+ Kf6 62. Kg3 Rc4 63. Ra5 h4+ 64. Kh3 Rd4 65. Nh7+ Kg6 66. Ng5 Rf4
67. Ne6 Re4 68. Ra6 Kh5 69. Ng7+ Kg5 70. Ra5+ Kf6 71. Nh5+ Kg6 1/2-1/2

[Event "World Rapid Team 2023"]
[Site "Dusseldorf GER"]
[Date "2023.08.28"]
[Round "9.1"]
[Board "3"]
[White "Smirin, Ilia"]
[Black "Vidit, Santosh Gujrathi"]
[Result "0-1"]
[WhiteTitle "GM"]
[BlackTitle "GM"]
[WhiteElo "2574"]
[BlackElo "2723"]
[WhiteTeam "Ashdod Elit Chess Club"]
[BlackTeam "Freedom"]
[WhiteFideId "2801990"]
[BlackFideId "5029465"]
[EventDate "2023.08.26"]

1. b3 e5 2. Bb2 Nc6 3. c4 Nge7 4. e3 d5 5. cxd5 Nxd5 6. a3 Be6 7. Qc2 Qd7 8. Nf3
f6 9. d3 O-O-O 10. Nbd2 Kb8 11. Be2 g5 12. Ne4 g4 13. Nfd2 f5 14. Nc5 Bxc5 15.
Qxc5 f4 16. Rc1 Rhf8 17. b4 a6 18. Nc4 e4 19. dxe4 Nxe3 20. fxe3 b6 21. Qg5 f3
22. Bf6 Bxc4 23. Bxd8 f2+ 24. Kf1 Qd2 25. Bxc7+ Kb7 0-1

[Event "World Rapid Team 2023"]
[Site "Dusseldorf GER"]
[Date "2023.08.28"]
[Round "9.1"]
[Board "4"]
[White "Rapport, Richard"]
[Black "Galperin, Platon"]
[Result "1-0"]
[WhiteTitle "GM"]
[BlackTitle "GM"]
[WhiteElo "2752"]
[BlackElo "2566"]
[WhiteTeam "Freedom"]
[BlackTeam "Ashdod Elit Chess Club"]
[WhiteFideId "738590"]
[BlackFideId "14165414"]
[EventDate "2023.08.26"]

1. e4 e5 2. Bc4 Nf6 3. d3 Bc5 4. Nc3 O-O 5. Nf3 d6 6. O-O c6 7. a4 a5 8. Kh1 Na6
9. Bg5 h6 10. Bh4 Be6 11. Bxe6 fxe6 12. Ne2 Qe8 13. c3 Ba7 14. Bxf6 Rxf6 15. Ng3
Rf7 16. Qe2 Qe7 17. Nd2 Raf8 18. f3 d5 19. Rfe1 Qh4 20. Nb3 Bb6 21. Nf1 Nb8 22.
exd5 exd5 23. Qxe5 Qf2 24. Nfd2 Bc7 25. Qd4 Qxd4 26. Nxd4 Bb6 27. N2b3 Nd7 28.
Re2 g5 29. g4 h5 30. Nf5 Rh7 31. Kg2 Nf6 32. h3 hxg4 33. hxg4 d4 34. c4 Bc7 35.
Rh1 Rxh1 36. Kxh1 Bf4 37. Re7 b5 38. axb5 cxb5 39. cxb5 Rc8 40. Re2 Nd5 41.
Nbxd4 Kf7 42. Kg2 Rh8 43. Kg1 Bc7 44. Ne6 Bb6+ 45. d4 Kf6 46. Nc5 Nf4 47. Nd7+
Kg6 48. Ne5+ Kf6 49. Nd7+ Kg6 50. Re7 1-0

[Event "World Rapid Team 2023"]
[Site "Dusseldorf GER"]
[Date "2023.08.28"]
[Round "9.1"]
[Board "5"]
[White "Manakova, Maria"]
[Black "Shuvalova, Polina"]
[Result "0-1"]
[WhiteTitle "WGM"]
[BlackTitle "IM"]
[WhiteElo "2137"]
[BlackElo "2496"]
[WhiteTeam "Ashdod Elit Chess Club"]
[BlackTeam "Freedom"]
[WhiteFideId "927007"]
[BlackFideId "24171760"]
[EventDate "2023.08.26"]

1. e4 c6 2. d4 d5 3. exd5 cxd5 4. c4 Nf6 5. Nc3 e6 6. Nf3 Bb4 7. cxd5 Nxd5 8.
Bd2 Nc6 9. Bd3 O-O 10. O-O Be7 11. Nxd5 exd5 12. h3 Bf6 13. Bc3 Be6 14. Re1 Rc8
15. Ne5 g6 16. Nxc6 bxc6 17. Bb4 Re8 18. Bc5 a5 19. a3 Ra8 20. b4 axb4 21. axb4
Qd7 22. Qb3 Bf5 23. Bf1 Kg7 24. Rxe8 Rxe8 25. b5 cxb5 26. Bxb5 Qb7 27. Qa4 Rd8
28. Qa6 Qb8 29. Bc6 Qf4 30. Qa7 Qg5 31. Qa3 Be4 32. Qg3 Qxg3 33. fxg3 Rb8 34.
Ra2 h5 35. Kf2 Rb3 36. Be8 Rb8 37. Bc6 Bg5 38. h4 Bf6 39. Ke3 Rb3+ 40. Kf4 Kh7
41. Ra7 Bxg2 42. Rxf7+ Bg7 43. Rxg7+ Kxg7 44. Ke5 Rxg3 45. Bxd5 Bxd5 46. Kxd5 g5
47. hxg5 h4 48. Bd6 Rxg5+ 49. Ke4 h3 50. Kf3 Rg2 51. d5 Kf7 52. Be5 Ke8 53. Bf4
Ra2 0-1

[Event "World Rapid Team 2023"]
[Site "Dusseldorf GER"]
[Date "2023.08.28"]
[Round "9.2"]
[Board "1"]
[White "Harikrishna, Pentala"]
[Black "Aravindh, Chithambaram VR."]
[Result "1/2-1/2"]
[WhiteTitle "GM"]
[BlackTitle "GM"]
[WhiteElo "2711"]
[BlackElo "2645"]
[WhiteTeam "Team MGD1"]
[BlackTeam "Six-pack"]
[WhiteFideId "5007003"]
[BlackFideId "5072786"]
[EventDate "2023.08.26"]

1. Nf3 Nf6 2. d4 g6 3. Nbd2 Bg7 4. e4 d6 5. Bb5+ c6 6. Bc4 O-O 7. O-O Nxe4 8.
Bxf7+ Rxf7 9. Nxe4 h6 10. h3 Nd7 11. a4 Nf6 12. Ng3 Nd5 13. Re1 Qf8 14. Ra3 Bd7
15. a5 Kh7 16. Rb3 b5 17. axb6 axb6 18. c4 Nf4 19. Bxf4 Rxf4 20. Qe2 Re8 21. Re3
e6 22. Ne4 c5 23. dxc5 dxc5 24. Ng3 Rd8 25. Qc2 Bc8 26. Nh5 Qf5 27. Qxf5 Rxf5
28. Nxg7 Kxg7 29. Ra1 Kf6 30. Ra7 Rd7 31. Rxd7 Bxd7 32. Kf1 b5 33. cxb5 Bxb5+
34. Kg1 Rd5 35. Rc3 Be2 36. Kh2 Bxf3 37. Rxf3+ Ke5 38. Re3+ Kd6 39. b3 Rd4 40.
Kg3 g5 41. Kf3 Rd2 42. Re2 Rd3+ 43. Re3 Rd2 44. Re2 Rd3+ 45. Ke4 1/2-1/2

[Event "World Rapid Team 2023"]
[Site "Dusseldorf GER"]
[Date "2023.08.28"]
[Round "9.2"]
[Board "2"]
[White "Mohammad, Nubairshah Shaikh"]
[Black "Nihal, Sarin"]
[Result "0-1"]
[WhiteTitle "IM"]
[BlackTitle "GM"]
[WhiteElo "2430"]
[BlackElo "2684"]
[WhiteTeam "Six-pack"]
[BlackTeam "Team MGD1"]
[WhiteFideId "5053196"]
[BlackFideId "25092340"]
[EventDate "2023.08.26"]

1. Nf3 d5 2. g3 Nd7 3. d4 Nb6 4. a4 a5 5. b3 Bf5 6. Ba3 Nf6 7. Bg2 h6 8. O-O c6
9. Ne5 Nbd7 10. Nd2 e6 11. Nxd7 Nxd7 12. Bxf8 Nxf8 13. e4 dxe4 14. Nxe4 Nh7 15.
Qd2 O-O 16. Rad1 Qc7 17. Qc3 Rfd8 18. Rfe1 Bxe4 19. Bxe4 Nf6 20. Bf3 Qb6 21. Re5
Nd5 22. Qd2 Rd7 23. h4 Rad8 24. Kg2 Qc7 25. Qe1 b5 26. c4 bxc4 27. bxc4 Nb4 28.
Qc3 Qb6 29. Rc5 Kh8 30. Kh2 f6 31. Rh5 e5 32. Qe3 Nc2 33. Qe4 Nxd4 34. Kg2 Nxf3
35. Rxd7 Nxh4+ 36. Qxh4 Rxd7 37. Rxh6+ gxh6 38. Qxh6+ Kg8 39. Qg6+ Kf8 40. Qxf6+
Rf7 41. Qd6+ Re7 42. c5 Qc7 43. Qh6+ Ke8 44. Qh8+ Kd7 45. Qh3+ Kd8 46. Qf5 Qd7
47. Qf8+ Kc7 48. Kg1 Qd1+ 49. Kg2 Rh7 0-1

[Event "World Rapid Team 2023"]
[Site "Dusseldorf GER"]
[Date "2023.08.28"]
[Round "9.2"]
[Board "4"]
[White "Pranesh, M"]
[Black "Sadhwani, Raunak"]
[Result "1/2-1/2"]
[WhiteTitle "GM"]
[BlackTitle "GM"]
[WhiteElo "2503"]
[BlackElo "2624"]
[WhiteTeam "Six-pack"]
[BlackTeam "Team MGD1"]
[WhiteFideId "35028600"]
[BlackFideId "35093487"]
[EventDate "2023.08.26"]

1. e4 e5 2. Nf3 Nc6 3. Bb5 Nf6 4. O-O Nxe4 5. Re1 Nd6 6. Nxe5 Be7 7. Bf1 Nxe5 8.
Rxe5 O-O 9. Nc3 Ne8 10. d4 Bf6 11. Re1 d5 12. Bf4 c6 13. Ne2 Nd6 14. Ng3 Nf5 15.
c3 Nxg3 16. Bxg3 Bf5 1/2-1/2

[Event "World Rapid Team 2023"]
[Site "Dusseldorf GER"]
[Date "2023.08.28"]
[Round "9.2"]
[Board "5"]
[White "Mammadzada, Gunay"]
[Black "Priyanka, Nutakki"]
[Result "1-0"]
[WhiteTitle "IM"]
[BlackTitle "WGM"]
[WhiteElo "2448"]
[BlackElo "2283"]
[WhiteTeam "Team MGD1"]
[BlackTeam "Six-pack"]
[WhiteFideId "13403729"]
[BlackFideId "25049615"]
[EventDate "2023.08.26"]

1. d4 d5 2. c4 e6 3. g3 Nf6 4. Bg2 Bb4+ 5. Bd2 a5 6. Nf3 O-O 7. Qc1 c5 8. dxc5
d4 9. Bxb4 axb4 10. Qf4 Nc6 11. Ne5 Nxe5 12. Qxe5 b3 13. a3 Qa5+ 14. Nd2 Rd8 15.
Rd1 d3 16. exd3 Rxd3 17. Qe2 Rd8 18. O-O Qxc5 19. Ne4 Qe7 20. Nxf6+ gxf6 21.
Rxd8+ Qxd8 22. Rd1 Qc7 23. Qd3 Kg7 24. Qd8 Qxc4 25. Bf1 Qc2 26. Rd4 e5 27. Rd6
Qg6 28. Bd3 Qh6 29. h4 b5 30. Kh2 Bb7 31. Qe7 Bf3 32. Bf5 b4 33. Be6 Qg6 34.
Bxb3 bxa3 35. bxa3 Rxa3 36. Rd8 Qb1 37. Qxf7+ Kh6 38. Qxf6+ Qg6 39. Qf8+ Kh5 40.
Qxf3+ Kh6 41. Qf8+ 1-0

[Event "World Rapid Team 2023"]
[Site "Dusseldorf GER"]
[Date "2023.08.28"]
[Round "9.2"]
[Board "6"]
[White "Dinesh, Rajan M"]
[Black "Peter Anand, A"]
[Result "0-1"]
[WhiteElo "1904"]
[BlackElo "1949"]
[WhiteTeam "Six-pack"]
[BlackTeam "Team MGD1"]
[WhiteFideId "35060600"]
[BlackFideId "25003801"]
[EventDate "2023.08.26"]

1. e4 e6 2. d4 d5 3. Nd2 c5 4. Ngf3 cxd4 5. exd5 Qxd5 6. Bc4 Qd8 7. Nb3 Bb4+ 8.
Bd2 Bxd2+ 9. Qxd2 Nc6 10. O-O Nf6 11. Rad1 O-O 12. Nbxd4 Nxd4 13. Qxd4 Qa5 14.
Ne5 a6 15. Qd6 Ne4 16. Qd4 Nf6 17. Rd3 Qc7 18. a4 b5 19. axb5 axb5 20. Bb3 Bb7
21. Rc3 Qa5 22. Rg3 Qd8 23. Qe3 Ne4 24. Rg4 Nf6 25. Rd4 Qe7 26. Qd3 Qc5 27. Re1
Qb6 28. Rb4 Ba6 29. h3 Rad8 30. Qg3 Rd4 31. Qe3 Rfd8 32. c3 R4d6 33. Qf4 Qc7 34.
Nf3 Qc5 35. Ra1 h6 36. Rd4 Rxd4 37. cxd4 Qb6 38. Qe5 Bb7 39. Qc5 Qxc5 40. dxc5
Bxf3 41. gxf3 Rc8 42. Rc1 Nd7 43. c6 Nb8 44. Rc5 Nxc6 45. Rxb5 Nd4 46. Rb7 Nxf3+
47. Kg2 Ne1+ 48. Kg3 Nd3 49. Bd1 g6 50. Be2 Nc5 51. Rb6 Ne4+ 52. Kf3 Ng5+ 53.
Kg3 Rc2 54. Bd3 Rd2 55. Rb3 Kg7 56. h4 Nh7 57. Be4 Nf6 58. Bf3 Nd7 59. Rb5 Kf6
60. b4 Ne5 61. Be4 Rd4 62. Kf4 g5+ 63. hxg5+ hxg5+ 64. Ke3 Rd1 65. Rb7 Re1+ 66.
Kd4 Rd1+ 67. Ke3 Rd8 68. b5 Nc4+ 69. Kf3 Rd2 70. Rc7 Ne5+ 71. Ke3 Rb2 72. Bc6
Ng4+ 73. Kf3 Nxf2 74. Be8 g4+ 75. Kg3 Kg5 76. Bc6 f5 77. Rg7+ Kf6 78. Rg8 Nd3
79. Rf8+ Ke7 80. Re8+ Kf7 81. Rb8 Ne5 82. Be8+ Kf6 83. Rb7 Nc4 84. Rf7+ Ke5 85.
Bd7 Nd6 86. Kh4 Nxf7 0-1

[Event "World Rapid Team 2023"]
[Site "Dusseldorf GER"]
[Date "2023.08.28"]
[Round "9.3"]
[Board "1"]
[White "Donchenko, Alexander"]
[Black "Vachier-Lagrave, Maxime"]
[Result "1/2-1/2"]
[WhiteTitle "GM"]
[BlackTitle "GM"]
[WhiteElo "2684"]
[BlackElo "2739"]
[WhiteTeam "Germany and Friends"]
[BlackTeam "ASV AlphaEchecs Linz"]
[WhiteFideId "24603295"]
[BlackFideId "623539"]
[EventDate "2023.08.26"]

1. d4 Nf6 2. c4 e6 3. Nc3 d5 4. cxd5 exd5 5. Bg5 c6 6. e3 Be7 7. Bd3 O-O 8. h3
Re8 9. Nf3 Ne4 10. Bf4 Bf5 11. Qc2 Nd7 12. O-O Bf6 13. Bh2 Bg6 14. Ne2 c5 15.
Nc3 cxd4 16. Nxd4 Rc8 17. Bxe4 Bxe4 18. Qd2 Ne5 19. b3 Qd7 20. Rad1 h6 21. Bxe5
Bxe5 22. Nxe4 dxe4 23. Qa5 a6 24. Nf3 Bd6 25. Ne5 Qe6 26. Nc4 Bc5 27. a4 Qc6 28.
Qc3 b5 29. axb5 axb5 30. Na5 Qe6 31. b4 Be7 32. Qb3 Qxb3 33. Nxb3 Rc3 34. Nd4
Rb8 35. Rc1 Bxb4 36. Nc6 Rxc1 37. Rxc1 Ba3 38. Ra1 Rb6 39. Rxa3 Rxc6 40. Ra8+
Kh7 41. Rb8 Rc5 42. Rb6 h5 43. g4 h4 44. Rb7 f6 45. Re7 Re5 46. Rb7 Kh6 47. Kf1
g6 48. Ke2 Kg5 49. Rb8 Rc5 50. Kd2 f5 51. gxf5 Kxf5 52. Rf8+ Ke5 53. Rg8 Kf6 54.
Rf8+ Kg7 55. Rf4 Rf5 56. Rxf5 gxf5 57. Kc3 Kf6 58. Kb4 Ke5 59. Kxb5 Kd5 1/2-1/2

[Event "World Rapid Team 2023"]
[Site "Dusseldorf GER"]
[Date "2023.08.28"]
[Round "9.3"]
[Board "2"]
[White "Grischuk, Alexander"]
[Black "Bluebaum, Matthias"]
[Result "1/2-1/2"]
[WhiteTitle "GM"]
[BlackTitle "GM"]
[WhiteElo "2736"]
[BlackElo "2670"]
[WhiteTeam "ASV AlphaEchecs Linz"]
[BlackTeam "Germany and Friends"]
[WhiteFideId "4126025"]
[BlackFideId "24651516"]
[EventDate "2023.08.26"]

1. e4 e6 2. d4 d5 3. Nc3 Nf6 4. e5 Nfd7 5. f4 c5 6. Nf3 Nc6 7. Be3 a6 8. Ne2 Qb6
9. Rb1 f6 10. c3 Be7 11. Bf2 O-O 12. g3 cxd4 13. Nexd4 Nxd4 14. Bxd4 Bc5 15.
Bxc5 Qxc5 16. Qd4 fxe5 17. Qxc5 Nxc5 18. Nxe5 Nd7 19. Nd3 e5 20. fxe5 Nxe5 21.
Nxe5 Re8 22. Kd2 Rxe5 23. Bd3 Bf5 24. Rbe1 Be4 25. Bxe4 dxe4 26. Ke3 Rb5 27. Re2
Rd8 28. Rf1 Re5 29. Rd2 Rxd2 30. Kxd2 Rb5 31. b3 1/2-1/2

[Event "World Rapid Team 2023"]
[Site "Dusseldorf GER"]
[Date "2023.08.28"]
[Round "9.3"]
[Board "3"]
[White "Svane, Rasmus"]
[Black "Maghsoodloo, Parham"]
[Result "1-0"]
[WhiteTitle "GM"]
[BlackTitle "GM"]
[WhiteElo "2631"]
[BlackElo "2702"]
[WhiteTeam "Germany and Friends"]
[BlackTeam "ASV AlphaEchecs Linz"]
[WhiteFideId "4657101"]
[BlackFideId "12539929"]
[EventDate "2023.08.26"]

1. d4 Nf6 2. Nf3 d5 3. c4 e6 4. g3 Be7 5. Bg2 O-O 6. O-O dxc4 7. Qa4 a6 8. Qxc4
b5 9. Qc2 Bb7 10. Bg5 Nbd7 11. Bxf6 Nxf6 12. Nbd2 Rc8 13. Nb3 Be4 14. Qc3 Nd5
15. Qc6 Qd6 16. Ne5 Bxg2 17. Kxg2 Bf6 18. Qxd6 cxd6 19. Nd7 Rfd8 20. Nxf6+ gxf6
21. Rfc1 Nb4 22. a3 Nc2 23. Rab1 Rd7 24. Rd1 Rdc7 25. Rd2 Rc4 26. e3 Ra4 27. Kf3
b4 28. Rc1 bxa3 29. Rdxc2 Rxc2 30. Rxc2 Rb4 31. Nd2 a2 32. Rc1 Rxb2 33. Ke2 a5
34. Kd3 a4 35. d5 exd5 36. Ra1 f5 37. Kc3 a3 38. f4 Kf8 39. Nf3 Ke7 40. Nd4 Rxh2
41. Nc2 Kf6 42. Rxa2 d4+ 43. Kxd4 Kg6 44. Kd3 Rg2 45. Rxa3 Rxg3 46. Ra8 Rg4 47.
Nd4 h5 48. Ke2 h4 49. Kf3 d5 50. Rh8 Rg3+ 51. Kf2 Rg4 52. Nf3 1-0

[Event "World Rapid Team 2023"]
[Site "Dusseldorf GER"]
[Date "2023.08.28"]
[Round "9.3"]
[Board "4"]
[White "Bacrot, Etienne"]
[Black "Kollars, Dmitrij"]
[Result "1/2-1/2"]
[WhiteTitle "GM"]
[BlackTitle "GM"]
[WhiteElo "2662"]
[BlackElo "2628"]
[WhiteTeam "ASV AlphaEchecs Linz"]
[BlackTeam "Germany and Friends"]
[WhiteFideId "605506"]
[BlackFideId "12909572"]
[EventDate "2023.08.26"]

1. e4 e5 2. Nf3 Nc6 3. Bc4 Nf6 4. d3 Bc5 5. Nc3 a6 6. a4 d6 7. O-O h6 8. Be3 O-O
9. Bxc5 dxc5 10. Nd2 Qd6 11. Nd5 Nxd5 12. Bxd5 Nb4 13. Bb3 Be6 14. Bxe6 Qxe6 15.
Nc4 Rad8 16. Qe2 b6 17. f4 exf4 18. Rxf4 f5 19. Raf1 fxe4 20. Rxe4 Rxf1+ 21.
Qxf1 Qf7 22. Qxf7+ Kxf7 23. Re2 1/2-1/2

[Event "World Rapid Team 2023"]
[Site "Dusseldorf GER"]
[Date "2023.08.28"]
[Round "9.3"]
[Board "5"]
[White "Bashylina, Luisa"]
[Black "Lagno, Kateryna"]
[Result "0-1"]
[WhiteTitle "WFM"]
[BlackTitle "GM"]
[WhiteElo "2152"]
[BlackElo "2552"]
[WhiteTeam "Germany and Friends"]
[BlackTeam "ASV AlphaEchecs Linz"]
[WhiteFideId "12983292"]
[BlackFideId "14109336"]
[EventDate "2023.08.26"]

1. d4 Nf6 2. c4 e6 3. Nc3 d5 4. cxd5 exd5 5. Bg5 Be7 6. e3 O-O 7. Bd3 Re8 8.
Nge2 c6 9. O-O a5 10. Qc2 g6 11. Rae1 Na6 12. a3 Nc7 13. f3 Ne6 14. Bh4 b5 15.
Nf4 Ng7 16. Bf2 Bd7 17. h3 Bd6 18. Qd2 b4 19. axb4 axb4 20. Nd1 Qc7 21. Bh4 Nfh5
22. Nxh5 Nxh5 23. f4 f5 24. Be2 Ng7 25. Nf2 c5 26. dxc5 Bxc5 27. Bf3 Be6 28. Nd3
Bf8 29. Bf6 b3 30. Bc3 Qb6 31. Ne5 Qb5 32. Rd1 Red8 33. Kh1 Bc5 34. Rfe1 Ne8 35.
Qf2 Be7 36. h4 Nf6 37. Qg3 Qe8 38. h5 Kg7 39. Kg1 Rdc8 40. Ra1 Rxa1 41. Rxa1
Rxc3 42. bxc3 Bc5 43. hxg6 hxg6 44. Qf2 Qb5 45. Rb1 Qb6 46. Qg3 Bxe3+ 47. Kh1
Bf7 48. Rb2 Bc1 49. Rb1 b2 50. Nd3 Qe3 51. Nxb2 Ne4 52. Qh4 Bxb2 53. Bxe4 dxe4
54. Rd1 Bxc3 55. Rd7 Qe1+ 56. Qxe1 Bxe1 57. Kg1 Bg3 58. Kf1 Bxf4 59. Ke2 Kf6 60.
Rb7 Bc4+ 61. Kf2 e3+ 62. Ke1 Bg3+ 63. Kd1 e2+ 0-1

[Event "World Rapid Team 2023"]
[Site "Dusseldorf GER"]
[Date "2023.08.28"]
[Round "9.3"]
[Board "6"]
[White "Llari, Marc"]
[Black "Lobkin, Bohdan"]
[Result "0-1"]
[WhiteTitle "CM"]
[WhiteElo "2092"]
[BlackElo "1795"]
[WhiteTeam "ASV AlphaEchecs Linz"]
[BlackTeam "Germany and Friends"]
[WhiteFideId "651044269"]
[BlackFideId "34115552"]
[EventDate "2023.08.26"]

1. e4 e6 2. d4 d5 3. Nc3 a6 4. Nf3 Bb4 5. e5 Bd7 6. Bd3 Bb5 7. O-O Bxd3 8. Qxd3
c5 9. a3 cxd4 10. Nxd4 Bc5 11. Nb3 Ba7 12. Qg3 Kf8 13. Bg5 Ne7 14. Rad1 Nbc6 15.
Rfe1 h6 16. Bxe7+ Nxe7 17. Kh1 Rc8 18. f4 g6 19. Qd3 h5 20. Ne2 Nf5 21. Ng1 h4
22. Nh3 Kg7 23. Rd2 Qc7 24. Qf3 Qe7 25. Rde2 Rc7 26. Qd3 b5 27. c3 Bb6 28. Rd1
Rcc8 29. Red2 Qb7 30. Re2 Ba7 31. Qf3 Bb6 32. Red2 a5 33. Rd3 b4 34. axb4 axb4
35. Nd2 bxc3 36. bxc3 Qa7 37. Nf1 Rc6 38. Ng5 Rc4 39. Nd2 Ra4 40. Nf1 Rc8 41. g4
hxg3 42. hxg3 Ra2 43. R3d2 Rxd2 44. Rxd2 Qa1 45. Kg2 Rxc3 46. Qe2 Rxg3+ 47. Kh2
Qc3 48. Rc2 Qd3 49. Qxd3 Rxd3 50. Rb2 Bd8 51. Nh3 Bh4 52. Rd2 Bg3+ 53. Kg2 Nh4+
54. Kh1 Rf3 55. Nxg3 Rxg3 56. Kh2 Rc3 57. Rf2 d4 58. Ng5 Nf5 59. Ne4 Re3 60. Nf6
Nh4 61. Kg1 g5 62. fxg5 Nf3+ 63. Kg2 Nxe5 64. Ne8+ Kg6 65. Nd6 d3 66. Nb5 Kxg5
67. Nd4 Re4 68. Nb3 f5 69. Nc5 Rg4+ 70. Kf1 Kf6 71. Rd2 Rc4 72. Nxd3 Rd4 73. Ke2
Nxd3 74. Rxd3 Rxd3 0-1

[Event "World Rapid Team 2023"]
[Site "Dusseldorf GER"]
[Date "2023.08.28"]
[Round "9.3"]
[Board "1"]
[White "Sargissian, Gabriel"]
[Black "Caruana, Fabiano"]
[Result "0-1"]
[WhiteTitle "GM"]
[BlackTitle "GM"]
[WhiteElo "2692"]
[BlackElo "2782"]
[WhiteTeam "Armenia"]
[BlackTeam "Kompetenzakademie Allstars"]
[WhiteFideId "13300881"]
[BlackFideId "2020009"]
[EventDate "2023.08.26"]

1. d4 Nf6 2. Nf3 g6 3. c4 Bg7 4. Nc3 d6 5. e4 O-O 6. Be2 e5 7. O-O Bg4 8. d5 a5
9. Be3 Na6 10. a3 Bd7 11. Nd2 h5 12. h3 Kh7 13. Nf3 Qe7 14. Rb1 Nc5 15. Ng5+ Kg8
16. b4 axb4 17. axb4 Na4 18. Qc2 Nxc3 19. Qxc3 Bh6 20. Qc1 Ra2 21. Bd3 Rfa8 22.
c5 R2a3 23. Qd2 h4 24. Nf3 Bxe3 25. fxe3 Nh5 26. Rfc1 Ng3 27. b5 dxc5 28. b6 c6
29. Bc4 Nxe4 30. Qe1 Ng3 31. d6 Qf6 32. Rd1 e4 33. Nh2 Qg5 34. Ng4 Bxg4 35. hxg4
Qxg4 36. Ra1 Rxa1 37. Rxa1 Rd8 38. Qc3 Qg5 39. Ra7 Rxd6 40. Ra8+ Rd8 41. Rxd8+
Qxd8 42. Qa1 Nf5 43. Qa7 Nd6 44. Be2 Kg7 0-1